|
|
|
|
| LEADER |
00735ntm a2200169 i 4500 |
| 001 |
misc47730 |
| 005 |
20241212114234.0 |
| 008 |
210111s1937 hu o 000 hun d |
| 040 |
|
|
|a SZTE Miscellanea Repozitórium
|b hun
|
| 041 |
|
|
|a hun
|
| 100 |
1 |
|
|a Szendrey László
|
| 245 |
1 |
0 |
|a Vitéz Szendrey László alezredes, vármegyei vitézi székkapitány gratuláló levele Szent-Györgyi Alberthez, a szegedi vitézek nevében is
|h [elektronikus dokumentum] /
|c Szendrey László
|
| 260 |
|
|
|c 1937-10-30
|
| 300 |
|
|
|a 2 fol.
|
| 561 |
|
|
|a Szent-Györgyi Albert gratuláló levelek
|
| 695 |
|
|
|a Levelezés - Szendrey László - Szent-Györgyi Albert, Nobel-díj - 1937
|
| 856 |
4 |
0 |
|u http://misc.bibl.u-szeged.hu/47730/1/1937_4_084.pdf
|z Dokumentum-elérés
|